Philadelphia 76ers 2018-19 Roster - Statistics

General Stats
  • This quiz has been taken 195 times
  • The average score is 9 of 18
Answer Stats
Nbr Post Player % Correct
21 C Joel Embiid
99%
25 PG Ben Simmons
97%
17 SG JJ Redick
70%
33 SF Robert Covington
66%
- Head Coach Brett Brown
63%
9 PF Dario Saric
61%
12 PG T.J. McConnell
56%
20 PG Markelle Fultz
54%
5 C Amir Johnson
48%
30 SG Furkan Korkmaz
41%
8 SG Zhaire Smith
35%
43 PF Jonah Bolden
31%
18 SG Shake Milton
30%
0 PG Jerryd Bayless
28%
23 PG Landry Shamet
27%
31 PF Mike Muscala
22%
22 SF Wilson Chandler
22%
11 PG Demetrius Jackson
18%
No matching quizzes found
Score Distribution
Percent of People with Each Score
Percentile by Number Answered
Your Score History
You have not taken this quiz